Les 10 pays les plus pollués au monde - Statistiques

Statistiques générales
  • Ce quiz a été pris 198 fois
  • Le résultat moyen est 6 sur 10
Statistiques - réponses
PM2.5 Réponse % Correct
34,7 µg/m³ Chine
96%
58,1 µg/m³ Inde
95%
66,8 µg/m³ Pakistan
72%
76,9 µg/m³ Bangladesh
66%
40,7 µg/m³ Indonésie
54%
28,8 µg/m³ Iran
49%
39,6 µg/m³ Thailande
49%
46,5 µg/m³ Afghanistan
36%
32,1 µg/m³ Egypte
34%
46,6 µg/m³ Mongolie
24%
Aucun quiz correspondant
Distribution des résultats
% des personnes avec chaque résultat
Percentile par nombre de réponses
Votre historique - résultats
Vous n’avez pas pris ce quiz